000 00427nam a2200181Ia 4500
001 2631
005 20260306144821.0
008 260306t2019||||xx |||||||||||||| ||spa||
041 _aESP
082 _a618.92
_bM26
100 _aMarcdante, Karen J.
_eAUT
245 0 _aNelson. Pediatría esencial
260 _c2019
300 _axvi, 761 páginas :
_c28 cm.
650 _aGEN
654 _aCPS
942 _cLIB
_dJUS
_fJUS
_2ddc
_n
999 _c2631
_d2631